000 00285nam a22001337a 4500
008 170526b xxu||||| |||| 00| 0 eng d
020 _a0395428572
041 _aeng
080 _a621
100 _a27
101 _aIM
245 _aTHE WAY THINGS WORK
_cMACAULAY,D
942 _2udc
_cBK
999 _c14620
_d14620